000
00359nam a22001577a 4500
003
MPLRDC
005
20220104124102.0
008
210129b ||||| |||| 00| 0 eng d
082
_a
868.8 YZ-2
100
_a
姚紫
245
_a
新加坡传奇
_c
260
_a
_b
陈龙玉
_c
1985
300
_b
平
650
_a
新加坡文学
942
_c
BK
_o
868.8 YZ-2
999
_c
16528
_d
16518